A new and universal history (Record no. 113812)
[ view plain ]
| 000 -LEADER | |
|---|---|
| fixed length control field | 01520cam a22001935a 4500 |
| 001 - CONTROL NUMBER | |
| control field | L155773 |
| 008 - FIXED-LENGTH DATA ELEMENTS--GENERAL INFORMATION | |
| fixed length control field | 120416s1776 xxk f 000 0 eng d |
| 035 ## - SYSTEM CONTROL NUMBER | |
| System control number | (Sirsi) u155773 |
| 041 0# - LANGUAGE CODE | |
| Language code of text/sound track or separate title | eng |
| 100 1# - MAIN ENTRY--PERSONAL NAME | |
| Personal name | Harrison, Walter |
| Titles and words associated with a name | Esq |
| 245 02 - TITLE STATEMENT | |
| Title | A new and universal history |
| Remainder of title | description and survey of the Cities of London and Westminster, the Borough of Southwark, And their adjacent parts. Including not only all the Parishes within the Bills of Mortality, but the Towns, Villages, Palaces, Seats, and Country, to the extent of Twenty Miles round, comprizing a circle of near one hundred and fifty miles. Containing An accurate and circumstantial Account of the Origin of London; with a View of its progressive improvement, from its first foundation to its present flourishing state, and amazing extent. A Description of the Antiquities, from the most remote periods of authentic intelligence. A particular Account of its constitution and government, ecclesiastical, civil and military; its charters, laws, customs, privileges, immunities, commerce, trade, manufactures, its astonishing power and influence, foreign and domestic... |
| 260 ## - PUBLICATION, DISTRIBUTION, ETC. | |
| Place of publication, distribution, etc. | London |
| Name of publisher, distributor, etc. | printed for J. Cooke, at Shakespeare's Head, in Pater-Noster-Row |
| Date of publication, distribution, etc. | MDCCLXXVI [1776] |
| 300 ## - PHYSICAL DESCRIPTION | |
| Extent | 720, [6] p., plates |
| Other physical details | ill., maps |
| Dimensions | 2o |
| 520 ## - SUMMARY, ETC. | |
| Summary, etc. | With a list of subscribers and two final advertisement leaves. |
| 583 0# - ACTION NOTE | |
| Action | Condition reviewed |
| Time/date of action | 20120620 |
| Status | condition level 2 and 4 |
| 651 #4 - SUBJECT ADDED ENTRY--GEOGRAPHIC NAME | |
| Geographic name | Great Britain |
| Chronological subdivision | 1707- |
| 690 ## - LOCAL SUBJECT ADDED ENTRY--TOPICAL TERM (OCLC, RLIN) | |
| Topical term or geographic name as entry element | Measurement |
| 9 (RLIN) | 6256 |
| 942 ## - ADDED ENTRY ELEMENTS (KOHA) | |
| Suppress in OPAC | 0 |
| Withdrawn status | Lost status | Source of classification or shelving scheme | Damaged status | Not for loan | Home library | Current library | Shelving location | Date acquired | Total Checkouts | Full call number | Barcode | Date last seen | Copy number | Price effective from | Koha item type |
|---|---|---|---|---|---|---|---|---|---|---|---|---|---|---|---|
| Dewey Decimal Classification | Historic collection | Historic collection | Historic collection | 16/04/2012 | FOLIO 1776 HARRISON | 30077553 | 06/08/2019 | 1 | 06/08/2019 | Book | |||||
| Dewey Decimal Classification | Historic collection | Historic collection | Historic collection | 16/04/2012 | FOLIO 1776 HARRISON | 30077557 | 06/08/2019 | 2 | 06/08/2019 | Book |